Open problems in topology
Αποθηκεύτηκε σε:
| Άλλοι συγγραφείς: | , |
|---|---|
| Μορφή: | Βιβλίο |
| Γλώσσα: | English |
| Δημοσίευση: |
Amsterdam [Netherlands] ; New York, N.Y., U.S.A. :
North-Holland : Distributors for the U.S. and Canada, Elsevier Science Pub. Co.,
1990.
|
| Θέματα: | |
| Ετικέτες: |
Προσθήκη ετικέτας
Δεν υπάρχουν, Καταχωρήστε ετικέτα πρώτοι!
|
MARC
| LEADER | 00000cam a2200000 i 4500 | ||
|---|---|---|---|
| 001 | 1/34071 | ||
| 008 | 941103s1990####ne | ||| |||| ||eng|| | ||
| 020 | |a 0444887687 | ||
| 035 | |l 10039542 | ||
| 035 | |a 1993 |c ΚΕΡΕΜΙΔΗΣ | ||
| 040 | |a GR-MyUA |b gre |e AACR2 | ||
| 041 | 0 | |a eng | |
| 082 | 0 | |a 514 |2 (20) | |
| 245 | 1 | 0 | |a Open problems in topology / |c edited by Jan van Mill, George M. Reed. |
| 260 | |a Amsterdam [Netherlands] ; |a New York, N.Y., U.S.A. : |b North-Holland : |b Distributors for the U.S. and Canada, Elsevier Science Pub. Co., |c 1990. | ||
| 300 | |a xiv, 692 σ. : |b εικ. ; |c 25 εκ. | ||
| 504 | |a Περιέχει βιβλιογραφικές αναφορές και ευρετήριο. | ||
| 650 | 0 | 0 | |a Topology. |
| 700 | 1 | |a Reed, George M. |e edt | |
| 700 | 1 | |a Mill, J. van, |e edt | |
| 852 | |a INST |b SAMOS |e 19941103 |h 514 OPE |p 005300009897 |q 005300009897 |t BK |y 0 | ||
| 909 | |a Σ |b 027449 | ||